| 000 | 00501nam a2200181Ia 4500 | ||
|---|---|---|---|
| 999 |
_c37495 _d37495 |
||
| 003 | OSt | ||
| 005 | 20200930140520.0 | ||
| 008 | 190216s9999||||xx |||||||||||||| ||und|| | ||
| 020 | _a9788187134589 | ||
| 040 | _coclc | ||
| 082 |
_a612 _bSUR/E |
||
| 100 |
_aSuresh, R _95225 |
||
| 245 | 0 |
_aEssentials Of Human Physiology / _cR Suresh |
|
| 260 |
_bBooks And Allied Pvt Ltd, _c2013. _aKolkata: |
||
| 300 | _a827p | ||
| 650 | _aZoology | ||
| 942 |
_cBK _2ddc _h612 _iSUR/E _k612 _mSUR/E |
||